| 000 | 00549cam a22002171 4500 | ||
|---|---|---|---|
| 001 | sa 65006977 | ||
| 003 | DLC | ||
| 005 | 20260227112146.0 | ||
| 008 | 890403s1965 xx ch 000 0 pan | ||
| 010 | _asa 65006977 | ||
| 035 | _a(OCoLC)23560970 | ||
| 040 |
_aDLC _cMiU _dDLC |
||
| 042 | _apremarc | ||
| 050 | 0 | 0 |
_aDS479.1.L27 _bJ6 |
| 100 | 1 | _aJohar, Surinder Singh. | |
| 245 | 0 | 0 | _aLālā Lājapata Rāe. |
| 260 | _c[1965] | ||
| 300 |
_a237 p. _bfacsims., ports. _c23 cm. |
||
| 500 | _aRomanized. | ||
| 600 | 0 | 0 |
_aLajpat Rai, _cLala, _d1865-1928. |
| 999 |
_c64969 _d64969 |
||